书目信息 |
| 题名: |
论篮球防守
|
|
| 作者: | 布朗 著 ;孙欢 译 | |
| 分册: | ||
| 出版信息: | 北京 人民体育出版社 2007.05 |
|
| 页数: | 211页 | |
| 开本: | 23cm | |
| 丛书名: | ||
| 单 册: | ||
| 中图分类: | G841.19 | |
| 科图分类: | ||
| 主题词: | 篮球运动--lan qiu yun dong--防守 | |
| 电子资源: | ||
| ISBN: | 978-7-5009-3141-6 | |
| 000 | 00989nam0 2200253 450 | |
| 001 | 012007128355 | |
| 005 | 20071105135310.90 | |
| 010 | @a978-7-5009-3141-6@dCNY22.00 | |
| 100 | @a20070924d2007 km y0chiy0120 ea | |
| 101 | 1 | @achi@ceng |
| 102 | @aCN@b110000 | |
| 105 | @aa z 000yy | |
| 106 | @ar | |
| 200 | 1 | @a论篮球防守@Alun lan qiu fang shou@e提高防守能力的要点、技术和练习@f(美) 赫伯·布朗著@F(mei)he bo·bu lang zhu@g孙欢译@Gsun huan yi |
| 210 | @a北京@c人民体育出版社@d2007.05 | |
| 215 | @a211页@c图@d23cm | |
| 330 | @a全书共分16章,内容包括:防守指导理念;防守是制胜法宝;主教练与运动员、助理教练和秋对工作人员的交流;防守清单:每天必强调的重点等。 | |
| 517 | 1 | @a提高防守能力的要点、技术和练习@Ati gao fang shou neng li de yao dian、ji shu he lian xi |
| 606 | 0 | @a篮球运动@Alan qiu yun dong@x防守 |
| 690 | @aG841.19@v4 | |
| 701 | 1 | @a布朗@Abu lang@g(Brown, Herb)@4著 |
| 702 | 0 | @a孙欢@Asun huan@4译 |
| 801 | 0 | @aCN@b@c20071105 |
| 905 | @b264460-62@dG841.19@eB982@f3 | |
| 论篮球防守:提高防守能力的要点、技术和练习/(美) 赫伯·布朗著/孙欢译.-北京:人民体育出版社,2007.05 |
| 211页:图;23cm |
| ISBN 978-7-5009-3141-6:CNY22.00 |
| 全书共分16章,内容包括:防守指导理念;防守是制胜法宝;主教练与运动员、助理教练和秋对工作人员的交流;防守清单:每天必强调的重点等。 |
| ● |
| 相关链接 |
|
|
|
正题名:论篮球防守
索取号:G841.19/B982
 
预约/预借
| 序号 | 登录号 | 条形码 | 馆藏地/架位号 | 状态 | 备注 |
| 1 | 264460 | 202644601 | 社科库409/409社科库 22排4列5层/ [索取号:G841.19/B982] | 在馆 | |
| 2 | 264461 | 202644610 | 社科库409/309社科库 35排7列3层/ [索取号:G841.19/B982] | 在馆 | |
| 3 | 264462 | 202644629 | 社科库409/409社科库 22排4列5层/ [索取号:G841.19/B982] | 在馆 |